LEADER 01120nam a2200265 i 4500 001 991000982499707536 008 101202s2004 it a 111 0 ita d 035 $ab13941860-39ule_inst 040 $aDip.to Matematica$beng 082 0 $a516 084 $aAMS 51-06 110 2 $aUniversità degli Studi :$bDipartimento di matematica$0474042 245 10$aSeminari di geometria 2001-2004 :$bcomprende atti del convegno Noncommutative geometry : topology, combinatorics and physics /$ca cura di Salvatore Coen 260 $aBologna :$b[s.n.],$c2004 300 $axv, 285 p. ;$c24 cm 440 0$aSeminari di geometria (Bo) ;$v14 500 $aIn testa al front.: Universita degli studi di Bologna, Dipartimento di matematica 650 4$aGeometry 700 1 $aCoen, Salvatore 907 $a.b13941860$b02-04-14$c02-12-10 912 $a991000982499707536 945 $aLE013 51-XX COE111 (2004)$g1$i2013000213149$lle013$og$pE20.00$q-$rl$s- $t0$u1$v0$w1$x0$y.i15206270$z03-12-10 996 $aSeminari di geometria 2001-2004$9251197 997 $aUNISALENTO 998 $ale013$b02-12-10$cm$da $e-$fita$git $h0$i0